LEADER 01752oam 2200517 450 001 9910716925603321 005 20211119141045.0 035 $a(CKB)5470000002526943 035 $a(OCoLC)1154792788 035 $a(EXLCZ)995470000002526943 100 $a20200519d1939 ua 0 101 0 $aeng 135 $aurbn||||||||| 181 $ctxt$2rdacontent 182 $cc$2rdamedia 183 $acr$2rdacarrier 200 14$aThe frequency of torsional vibration of a tapered beam /$fby Robert P. Coleman 210 1$aWashington, [D.C.] :$cNational Advisory Committee for Aeronautics,$d1939. 215 $a1 online resource (13 pages, 8 unnumbered pages) $cillustrations 225 1 $aTechnical note / National Advisory Committee for Aeronautics ;$vNo. 697 300 $a"March 1939." 300 $aNo Federal Depository Library Program (FDLP) item number. 320 $aIncludes bibliographical references (page 13). 606 $aBars (Engineering)$xVibration 606 $aTorsion 606 $aMathematical analysis 606 $aBars (Engineering)$xVibration$2fast 606 $aMathematical analysis$2fast 606 $aTorsion$2fast 615 0$aBars (Engineering)$xVibration. 615 0$aTorsion. 615 0$aMathematical analysis. 615 7$aBars (Engineering)$xVibration. 615 7$aMathematical analysis. 615 7$aTorsion. 700 $aColeman$b Robert P.$096041 712 02$aUnited States.$bNational Advisory Committee for Aeronautics, 801 0$bTRAAL 801 1$bTRAAL 801 2$bOCLCO 801 2$bOCLCF 801 2$bGPO 906 $aBOOK 912 $a9910716925603321 996 $aThe frequency of torsional vibration of a tapered beam$93483611 997 $aUNINA